000 00356nam a2200157Ia 4500
003 OSt
005 20240208125231.0
008 170524s9999 xx 000 0 und d
020 _a9788126511167
040 _cIIMT UNIVERSITY
100 _aDUDA- RICHARD
100 _c2011
245 0 _aPATTERN CLASSIFICATION
260 _aWiley India
942 _2ddc
_c01
999 _c2722
_d2722